<The> economics and politics of transition to an open market economy Russia

Salvato in:
Dettagli Bibliografici
Autore principale: Schleifer, Andrei
Ente Autore: OECD. Development Centre
Altri autori: Treisman, Daniel
Natura: Libro
Lingua:inglese
Pubblicazione: Paris OECD 1998
Serie:Development Centre studies
Soggetti:
Tags: Aggiungi Tag
Nessun Tag, puoi essere il primo ad aggiungerne!!

MARC

LEADER 00000nam a2200000 4500
001 c122175
005 20221109093352.0
020 |a 92-64-16032-9 
041 0 |a eng 
044 |a FR 
245 1 0 |a <The> economics and politics of transition to an open market economy  |b Russia  |c Andrei Schleifer, Daniel Treisman 
264 1 |a Paris  |b OECD  |c 1998 
300 |a 84 s. 
490 1 |a Development Centre studies 
830 0 |a Development Centre studies 
610 2 0 |a transformácia 
610 2 0 |a hospodárstvo národné 
610 2 0 |a situácia hospodárska 
610 2 0 |a inflácia 
610 2 0 |a privatizácia 
610 2 0 |a financie štátne 
610 2 0 |a Rusko 
610 2 0 |a hospodárstvo otvorené 
610 2 0 |a hospodárstvo peňažné 
610 2 0 |a OECD 
100 1 |a Schleifer, Andrei 
700 1 |a Treisman, Daniel 
710 2 |a OECD. Development Centre